[Event "IECC KO-2103"]
[Site "IECC email"]
[Date "2012.03.11"]
[Round "?"]
[White "Salazar Moran, Alejandro Fortunato"]
[Black "Pfister, Bernard"]
[Result "1-0"]
[WhiteElo "1867"]
[BlackElo "1412"]
[PlyCount "67"]
[EventDate "2009.??.??"]
[EventType "match (corr)"]
[EventRounds "2"]
[SourceTitle "Telechess CBM 165"]
[Source "ChessBase"]
[SourceDate "2015.03.11"]
[SourceVersion "1"]
[SourceVersionDate "2015.03.11"]
[SourceQuality "1"]
[WhiteTeam "Ecuador"]
[BlackTeam "Turkey"]
[WhiteTeamCountry "ECU"]
[BlackTeamCountry "TUR"]

1. e4 e5 2. Bc4 Nf6 3. d3 c6 4. Nf3 d5 5. Bb3 Bd6 6. exd5 Nxd5 7. 0-0 0-0 8. Re1 Re8 9. Nbd2 Bg4 10. h3 Bh5 11. Ne4 Bc7 12. Ng3 Bg6 13. Bg5 f6 14. Bd2 Bf7 15. Nh4 Be6 16. Ngf5 Qd7 17. Qg4 g5 18. Bxg5 Bxf5 19. Nxf5 fxg5 20. Bxd5+ cxd5 21. Qxg5+ Kf8 22. Qh6+ Kg8 23. Qf6 h5 24. Re3 e4 25. Qg5+ Kf8 26. dxe4 dxe4 27. Qh6+ Kg8 28. Qxh5 Be5 29. Rd1 Qxd1+ 30. Qxd1 Nc6 31. Rxe4 Kf8 32. Qh5 Rad8 33. f4 Bxf4 34. Qh8+ 1-0

[Event "IECC Swiss-554.3"]
[Site "IECC email"]
[Date "2011.11.15"]
[Round "?"]
[White "Cirovic, Zeljko"]
[Black "Pfister, Bernard"]
[Result "0-1"]
[WhiteElo "1720"]
[BlackElo "1362"]
[PlyCount "72"]
[EventDate "2011.??.??"]
[EventType "swiss (corr)"]
[EventRounds "1"]
[SourceTitle "Telechess CBM 165"]
[Source "ChessBase"]
[SourceDate "2015.03.11"]
[SourceVersion "1"]
[SourceVersionDate "2015.03.11"]
[SourceQuality "1"]
[WhiteTeam "SCG"]
[BlackTeam "Turkey"]
[BlackTeamCountry "TUR"]

1. e4 e5 2. b3 Nf6 3. c4 Nxe4 4. Qe2 d5 5. f3 Qh4+ 6. g3 Nxg3 7. Qxe5+ Be7 8. Qxg3 Qd4 9. Nc3 Bh4 10. Bb2 Bxg3+ 11. hxg3 Qe5+ 12. Nge2 dxc4 13. 0-0-0 cxb3 14. axb3 0-0 15. Nf4 Nc6 16. Bd3 h6 17. Ne4 Qa5 18. Rxh6 Ne5 19. Bxe5 Qxe5 20. Rh5 Qa1+ 21. Bb1 g6 22. Rh6 Bf5 23. d4 Bxe4 24. fxe4 Qc3+ 25. Bc2 Qxg3 26. Rf1 Qe3+ 27. Kb1 Kg7 28. Rh3 Qxd4 29. Rg3 Qe5 30. Bd1 Qxe4+ 31. Kc1 Qe5 32. Nh5+ Kh8 33. Rh3 f5 34. Nf4+ Kg7 35. Rg3 Rf6 36. Bh5 Qa1+ 0-1

[Event "IECC CL6-2008.10 email"]
[Site "IECC email"]
[Date "2008.12.05"]
[Round "?"]
[White "D'Aragona, Vittoria"]
[Black "Pfister, Bernard"]
[Result "0-1"]
[WhiteElo "1417"]
[BlackElo "1289"]
[PlyCount "89"]
[EventDate "2008.??.??"]
[EventType "tourn (corr)"]
[EventRounds "4"]
[SourceTitle "Corr 2011"]
[Source "ChessBase"]
[SourceDate "2010.08.31"]
[SourceVersion "1"]
[SourceVersionDate "2010.08.31"]
[SourceQuality "1"]
[WhiteTeam "Italy"]
[BlackTeam "Turkey"]
[WhiteTeamCountry "ITA"]
[BlackTeamCountry "TUR"]

1. e4 e5 2. Nf3 Nc6 3. d4 exd4 4. Bc4 Bb4+ 5. Bd2 Bxd2+ 6. Qxd2 d3 7. cxd3 d6 8. Nc3 Nf6 9. 0-0-0 0-0 10. Kb1 Bg4 11. Rhg1 Na5 12. h3 Nxc4 13. dxc4 Be6 14. Qe2 Re8 15. Nd4 Qe7 16. Rge1 Bd7 17. f4 c5 18. Nf3 Rad8 19. g4 Bc6 20. Nd2 Nd7 21. g5 Nb6 22. Qd3 a5 23. Re2 Na4 24. Nd5 Bxd5 25. cxd5 b5 26. Qb3 Qd7 27. Qe3 c4 28. Ka1 Rc8 29. Rc1 c3 30. bxc3 b4 31. c4 Nc3 32. Rxc3 bxc3 33. Qxc3 Rb8 34. Re1 Rec8 35. Rb1 Ra8 36. Rb6 Qa7 37. Qe3 Re8 38. e5 dxe5 39. fxe5 Rxe5 40. Qxe5 Qxb6 41. d6 Qb4 42. d7 Qa4 43. Qd5 Rd8 44. Kb2 Qxd7 45. Qxd7 0-1